| 000 | 01092nam a22002537a 4500 | ||
|---|---|---|---|
| 003 | 0 | ||
| 005 | 20251104144926.0 | ||
| 008 | 251104b xxu||||| |||| 00| 0 eng d | ||
| 020 | _a978-1-60710-314-1 | ||
| 050 |
_aPS 2600.G11 _b.P6 2011 |
||
| 100 |
_aPoe, edgar Allan, _d1809-1849, _eauthor. |
||
| 245 |
_aEdgar Allan Poe : _bcollected works : stories and poems / _cintroduction by Adrienne J. Odasso, PhD. |
||
| 250 | _aFirst Canterbury Classics edition. | ||
| 260 |
_aSan Diego, Calif. : _bCanterbury Classics, _c2011. |
||
| 300 |
_axix, 724 pages ; _c24 cm. |
||
| 500 | _aIncludes introduction by Adrienne J. Odasso, PhD. Contains both short stories and poems by Edgar Allan Poe. Decorative bonded leather cover; gilt-edged pages and ribbon bookmark. | ||
| 504 | _aIncludes bibliographical references | ||
| 600 |
_aPoe, Edgar Allan, _d1809-1849 _vCollections. |
||
| 650 | _aHorror tales, American. | ||
| 650 | _aGothic fiction (Literary genre), American. | ||
| 650 |
_aAmerican poetry _y19th century. |
||
| 700 |
_aOdasso, Adrienne J., _ewriter of introduction. |
||
| 942 |
_2lcc _cBK |
||
| 999 |
_c368461 _d368461 |
||